01131cam a2200265 a 45000010008000000030012000080050017000200080041000370100017000780200015000950400022001100500022001320820017001541000017001712450158001882600066003463000026004125040066004386500031005047100110005359060045006459420012006909990017007029520146007194850222NUST - PNEC20170116180814.0910107s1990 enk b 001 0 eng  a 91006432  a0632031980 aDLCcLIBRARYdDLC00aGC1085b.S73 199000a363.7394 GES 93548aGesamp04aThe State of the marine environment /cGESAMP (IMO/FAO/UNESCO/WMO/WHO/IAEA/UN/UNEP Joint Group of Experts on the Scientific Aspects of Marine Pollution). aOxford ;aBoston :bBlackwell Scientific Publications,c1990. axii, 146 p. ;c24 cm. aIncludes bibliographical references (p. [136]-137) and index. 0aMarine pollution.xGeneral2 aIMO/FAO/UNESCO/WMO/WHO/IAEA/UN/UNEP Joint Group of Experts on the Scientific Aspects of Marine Pollution. a7bcbccorignewd1eocipf19gy-gencatlg 2ddccBK c63467d63467 00102ddc4070aPNECbPNECcWING-Ad1994-10-04eKashif Book Stallg35.00l0o363.7394 GESpPNECLIB-017644r2015-05-15v35.00w1994-10-04yBK